Pokémon that Start with Q - Statistics

General Stats
  • This quiz has been taken 3,268 times
    2,125 since last reset
  • The average score is 6 of 7
Answer Stats
Gen Answer % Correct
II Qwilfish
92%
II Quilava
87%
IX Quaxly
83%
II Quagsire
80%
IX Quaquaval
80%
VI Quilladin
80%
IX Quaxwell
76%
No matching quizzes found
Score Distribution
Percent of People with Each Score
Percentile by Number Answered
Your Score History
You have not taken this quiz since the last reset